El /Partido comunista de Guatemala y el Partido Comunista de Centro América: 1922-1932 /
Guardado en:
| Autor principal: | |
|---|---|
| Formato: | Texto |
| Materias: | |
| Etiquetas: |
Agregar Etiqueta
Sin Etiquetas, Sea el primero en etiquetar este registro!
|
MARC
| LEADER | 00000 a a2200000 04500 | ||
|---|---|---|---|
| 001 | 45414 | ||
| 003 | |||
| 040 | |||
| 090 | |a REV0780 (41)2003 | ||
| 100 | |a Taracena Arriola, Arturo | ||
| 245 | |a El /Partido comunista de Guatemala y el Partido Comunista de Centro América: 1922-1932 / |c Arturo Taracena Arriola | ||
| 650 | |a CONFLICTOS LABORALES | ||
| 650 | |a MOVIMIENTOS OBREROS | ||
| 650 | |a ORGANIZACIONES DE TRABAJADORES | ||
| 650 | |a HUELGAS | ||
| 650 | |a HISTORIA SOCIAL | ||
| 650 | |a MOVIMIENTOS ESTUDIANTILES | ||
| 650 | |a PARTIDOS POLITICOS | ||
| 650 | |a COMUNISTAS | ||
| 650 | |a IMPERIALISMO | ||
| 650 | |a OPOSICION POLITICA | ||
| 650 | |a REPRESION | ||
| 773 | |g número41, V Epoca (Noviembre, 2003), páginas 88-122. | ||
| 999 | |c 35288 |d 35288 | ||
